Responses for Show #6615 - Friday, May 24, 2013

Contestants

[<< previous game]

Catherine Radford, a property manager from Charlestown, Massachusetts

Chris Long, a human resources director from Thousand Oaks, California

Mike Lewis, a systems engineer from Bloomington, Minnesota (whose 1-day cash winnings total $35,000)

[next game >>]

Jeopardy! Round responses

GETTIN' PIGGY WITH IT
HISTORY'S ODDS & ENDS
WE'LL NEED THE "RENT"
THE RICHEST PERSON IN THE STATE
WRITERS AT REST
JOCK-ULARITY
    $200 1
equals

Mike
    $200 6
Columbus Day

Mike
    $200 8
transparent

Mike
    $200 9
Bill Gates

Catherine
    $200 10
Fahrenheit 451

Catherine
    $200 15
Jerry Rice

Mike
    $400 2
Miss Piggy

Mike
    $400 7
(Chris: What is the Queen Elizabeth?)

the Queen Mary

ChrisCatherine
    $400 27
indifferent

Catherine
    $400 16
(Warren) Buffett

Chris
    $400 11
(Catherine: Who is...)

James Joyce

MikeCatherine
    $400 17
Tyson

Chris
    $600 3
Wilbur

Mike
    $600 21
(Mike: Who is John Smith?)

Squanto

MikeCatherine
    $600 28
incoherent

Mike
    $600 24
the Saints and the Hornets

Chris
    $600 12
Tolkien

Mike
    $600 18
[Alex delivers the quotation with an impression.]

(Yogi) Berra

Chris
    $800 4
Odysseus

Catherine
    $800 22
the autobahn

Mike
    $800 29
self-referential

Triple Stumper
    $800 25
Phil Knight

Chris
    $800 13
Babar

Mike
    $800 19
Charles Barkley

Chris
    $1000 5
Seattle

Chris
    $1000 23
the Donner party

Mike
    $3,000 30
belligerent

Mike
    $1000 26
Koch

Triple Stumper
    $1000 14
(William) Faulkner

Chris
    $1000 20
the Pittsburgh Penguins

Chris

Scores at the first commercial break (after clue 15):

Mike Chris Catherine
$3,600 $1,600 $1,200

Scores at the end of the Jeopardy! Round:

Mike Chris Catherine
$8,400 $6,200 $2,200

Double Jeopardy! Round responses

B1, B2...
I-20
'N '39
GEE, 50
"O" 75
BINGO
    $400 14
cholesterol

Mike
    $400 9
South Carolina

Chris
    $400 1
Warsaw

Mike
    $400 7
AARP

Mike
    $400 6
orbit

Chris
    $800 15
B12

Chris
    $800 10
(Mike: What is Alabama?)
...
(Alex: [*], this city, not state.)

Tuscaloosa

MikeChris
    $800 2
Einstein

Mike
    $800 19
Porsche

Mike
    $800 8
ostrich

Chris
    $800 29
[The end-of-round signal sounds.]

the Steve Miller Band

Mike
    $3,500 16
(Chris: What is chlorophyll?)

folic acid

Chris
    $1200 11
Jackson

Chris
    $3,000 3
Spain

Mike
    $1200 20
sciatica

Catherine
    $1200 23
ogre

Chris
    $1200 28
The West Wing

Triple Stumper
    $1600 17
the tongue

Catherine
    $1600 12
(Mike: What is Shrevesport?)
...
(Alex: [*], no "S" in the middle.)

Shreveport

MikeChris
    $1600 4
Pius

Mike
    $1600 21
ascot

Mike
    $1600 24
(Chris: What is an onyx?)
...
(Alex: [*], with less than a minute to go.)

opal

ChrisCatherine
    $1600 27
The Banana Splits

Chris
    $2000 18
beriberi

Catherine
    $2000 13
Texas

Mike
    $2000 5
Gone With the Wind

Catherine
    $2000 22
Tuscany

Chris
    $2000 25
ode

Chris
    $2000 26
Beach Blanket Bingo

Mike

Scores at the end of the Double Jeopardy! Round:

Mike Chris Catherine
$19,800 $13,900 $10,600

[wagering suggestions for these scores]

Final Jeopardy! Round responses

DISNEY SONGS
(Alex: Took the vaccine. Medicine, what is it that helps the medicine go down?)
CatherineWhat is "A Spoonful of Sugar" ?
$10,000
ChrisWhat is A Spoonful of Sugar
$8,000
MikeWhat is A Spoonful of Sugar?
$8,000
"A Spoonful Of Sugar"

Final scores:

Mike Chris Catherine
$27,800 $21,900 $20,600
2-day champion: $62,800 2nd place: $2,000 3rd place: $1,000

Game dynamics:

Coryat scores:

Mike Chris Catherine
$16,000 $17,400 $10,600
24 R
(including 2 DDs),
3 W
20 R,
3 W
(including 1 DD)
11 R,
1 W

Combined Coryat: $44,000

[game clues] [game scores] [suggest correction]

Game tape date: 2013-01-09
The J! Archive is created by fans, for fans. Scraping, republication, monetization, and malicious use prohibited; this site may use cookies and collect identifying information. See terms. The Jeopardy! game show and all elements thereof, including but not limited to copyright and trademark thereto, are the property of Jeopardy Productions, Inc. and are protected under law. This website is not affiliated with, sponsored by, or operated by Jeopardy Productions, Inc. Join the discussion at JBoard.tv.